Macedonia : from Philip II to the Roman conquest
Αποθηκεύτηκε σε:
| Κύριος συγγραφέας: | |
|---|---|
| Άλλοι συγγραφείς: | |
| Μορφή: | Βιβλίο |
| Γλώσσα: | English French |
| Δημοσίευση: |
Αθήνα :
Εκδοτική Αθηνών,
1993.
|
| Θέματα: | |
| Ετικέτες: |
Προσθήκη ετικέτας
Δεν υπάρχουν, Καταχωρήστε ετικέτα πρώτοι!
|
MARC
| LEADER | 00000cam a2200000 i 4500 | ||
|---|---|---|---|
| 001 | 1/23714 | ||
| 008 | 981126s1993 gr | ||| |||| ||eng|| | ||
| 020 | |a 0691036357 | ||
| 035 | |l 10036923 | ||
| 040 | |a GR-MyUa |b gre |e AACR2 | ||
| 041 | 1 | |a eng |h fre | |
| 082 | 7 | |a 938.1 |2 (22) | |
| 100 | 1 | |a Ginouves, Rene. | |
| 245 | 1 | 0 | |a Macedonia : |b from Philip II to the Roman conquest / |c Rene Ginouves, general editor; with the contribution of Ioannis Akamatis ...[et al.] ; translated by David Hardy. |
| 260 | |a Αθήνα : |b Εκδοτική Αθηνών, |c 1993. | ||
| 300 | |a 254 σ. : |b εικ. ; |c 30 εκ. | ||
| 500 | |a Τίτλος πρωτοτύπου: Macedoine. | ||
| 504 | |a Περιλαμβάνει βιβλιογραφικές παραπομπές (σ. 236-241) και ευρετήριο. | ||
| 600 | 0 | 7 | |2 nlgaf |a Φίλιππος |b Β', |c Βασιλιάς της Μακεδονίας, |d 382-336. |
| 600 | 0 | 7 | |2 nlgaf |a Αλέξανδρος ο Μέγας, |c Βασιλιάς της Μακεδονίας, |d 356-323. |
| 651 | 0 | |a Macedonia |x Civilization. | |
| 651 | 0 | |a Greece |x History |y Macedonian Expansion, 359-323 B.C. | |
| 651 | 0 | |a Macedonia |x History |y To 168 B.C. | |
| 651 | 0 | |a Macedonia |x Antiquities. | |
| 700 | 1 | |a Ακαμάτης, Ιωάννης Μ. | |
| 852 | |a INST |b LESVOS |e 19981126 |h 938.1 GIN |p 005100017959 |q 005100017959 |t BK |y 0 | ||
| 901 | |a BIBL-1998-3 | ||
| 922 | |a 1ΕΛΗ |b 199810 |c ΚΠΣ/ΤΚΑ |d ΠΑΠΑΣΩΤΗΡΙΟΥ | ||
| 950 | |a 117-1998-07-08 | ||